| 000 | 00376 a2200121 4500 | ||
|---|---|---|---|
| 040 |
_aDLC _bDLC |
||
| 082 | _a 004 | ||
| 100 | _aDr. Altaf A. Khan | ||
| 245 |
_aIntroduction to Computing CS101 _cDr. Altaf A. Khan _hCD-ROM |
||
| 260 |
_aLahore: _bVirtual University, _c2005. |
||
| 500 | _aLectures: 1-7, 8-13, 14-19, 20-25, 26-31, 32-38, 39-45 (7 CD-ROMs) | ||
| 942 |
_cCD _k004 ALT _2ddc |
||
| 999 |
_c9465 _d9465 |
||